Ювелирное искусство и материальная культура (Запись № 2392464)

Подробности
000 -МАРКЕР
контрольное поле 01593nam0a2200313 4500
001 - ИДЕНТИФИКАТОР ЗАПИСИ
контрольное поле RU\NLR\bibl\1860384
005 - ИДЕНТИФИКАТОР ВЕРСИИ
контрольное поле 20260408060032.0
035 ## - ДРУГИЕ СИСТЕМНЫЕ НОМЕРА
Идентификатор записи (NLR Aleph) 001850287
100 ## - ДАННЫЕ ОБЩЕЙ ОБРАБОТКИ
Данные общей обработки 20120125d2011 |||y0rusy50 ca
101 0# - ЯЗЫК РЕСУРСА
Язык текста, звукозаписи и т.д. русский
102 ## - СТРАНА ПУБЛИКАЦИИ ИЛИ ПРОИЗВОДСТВА
Страна публикации Российская Федерация
105 ## - ПОЛЕ КОДИРОВАННЫХ ДАННЫХ: ТЕКСТОВЫЕ МАТЕРИАЛЫ, МОНОГРАФИЧЕСКИЕ
Кодированные данные о монографическом текстовом документе y |||||||||
200 1# - ЗАГЛАВИЕ И СВЕДЕНИЯ ОБ ОТВЕТСТВЕННОСТИ
Основное заглавие Ювелирное искусство и материальная культура
Сведения, относящиеся к заглавию семинар
-- тезисы докладов участников девятнадцатого коллоквиума, (18-21 апреля 2011)
Первые сведения об ответственности [сост.: Наталия Захарова]
210 ## - ПУБЛИКАЦИЯ, РАСПРОСТРАНЕНИЕ И ДР.
Место издания, распространения и т.д. Санкт-Петербург
Имя издателя, распространителя и т. д. Изд-во Государственного Эрмитажа
Дата издания, распространения и т.д. 2011
215 ## - ФИЗИЧЕСКАЯ ХАРАКТЕРИСТИКА
Специфическое обозначение материала и объем 131 с.
Размеры 22
300 ## - ОБЩИЕ ПРИМЕЧАНИЯ
Текст примечания В надзаг.: Гос. Эрмитаж
606 1# - НАИМЕНОВАНИЕ ТЕМЫ КАК ПРЕДМЕТ
Наименование темы Ювелирное искусство
Формальный подзаголовок Тезисы докладов
Системный номер авторитетной/нормативной записи 2006441
Идентификатор авторитетной/нормативной записи RU\NLR\auth\66922353
606 1# - НАИМЕНОВАНИЕ ТЕМЫ КАК ПРЕДМЕТ
Наименование темы Традиционная культура
Формальный подзаголовок Тезисы докладов
Системный номер авторитетной/нормативной записи 1490272
Идентификатор авторитетной/нормативной записи RU\NLR\auth\66640463
686 ## - ИНДЕКСЫ ДРУГИХ КЛАССИФИКАЦИЙ
Индекс Щ125.444.3(0)я431
686 ## - ИНДЕКСЫ ДРУГИХ КЛАССИФИКАЦИЙ
Индекс Т52(2)я431
702 #1 - ИМЯ ЛИЦА - ВТОРИЧНАЯ ОТВЕТСТВЕННОСТЬ
Код отношения Редактор
Материалы, к которым относится поле rus
Графика поля Кириллица
Начальный элемент ввода Захарова
Часть имени, кроме начального элемента ввода Н.А.
Дополнения к именам, кроме дат искусствовед
Расширение инициалов личного имени Наталия Алексеевна
Идентификатор авторитетной/нормативной записи RU\NLR\auth\7744246
Системный номер авторитетной/нормативной записи 27188
711 12 - НАИМЕНОВАНИЕ ОРГАНИЗАЦИИ - АЛЬТЕРНАТИВНАЯ ОТВЕТСТВЕННОСТЬ
Начальный элемент ввода "Ювелирное искусство и материальная культура", семинар
Идентифицирующий признак Санкт-Петербург
Структурное подразделение Коллоквиум
Порядковый номер временной организации и / или порядковый номер ее части 19
Дата проведения временной организации 2011
Идентификатор авторитетной/нормативной записи RU\NLR\AUTH\8810203673
Системный номер авторитетной/нормативной записи 295256
801 #0 - ИСТОЧНИК ЗАПИСИ
Страна Российская Федерация
Организация NLR
Дата составления 20120125
Правила каталогизации RCR
801 #1 - ИСТОЧНИК ЗАПИСИ
Страна Российская Федерация
Организация NLR
Дата составления 20120125
942 ## - ДОПОЛНИТЕЛЬНЫЕ ЭЛЕМЕНТЫ ЗАПИСИ (АБИС)
Тип экземпляра АБИС Книга
980 ## - КОЛЛЕКЦИЯ
Название коллекции Национальная библиография
980 ## - КОЛЛЕКЦИЯ
Название коллекции НБР
Экземпляры
Тип экземпляра Дата поступления Источник поступления Стоимость Библиотека постоянного хранения Библиотека текущего хранения Место хранения Шифр хранения Штрих-код Статус экземпляра
Книга 25.01.2012 Дар 150.00 РНБ (Московский) РНБ (Московский) Русский книжный фонд: издания с 1957 года 2012-5/419 1-413015  
Книга 05.12.2013 Дар 150.00 РНБ (Московский) РНБ (Московский) Русский книжный фонд: издания с 1957 года 2012-5/419 1-24697  
Книга 30.11.2022 Дар 100.00 РНБ (Московский) РНБ (Московский) Обменный фонд обм 2023/21 1-3995830 Доставлен в Фoнд
Книга 30.11.2022 Дар 100.00 РНБ (Московский) РНБ (Московский) Обменный фонд обм 2023/20 1-3995829 Доставлен в Фoнд